| 000 | 00000nam##2200000za#4500 |
| 001 | 9.568071 |
| 003 | CaOODSP |
| 005 | 20210624181104 |
| 007 | cr ||||||||||| |
| 008 | 150406|2002||||xxc|||||o f|0| 0 eng|d |
| 040 | |aCaOODSP|beng |
| 043 | |an-cn--- |
| 086 | 1 |aBT31-2/2003-III-16E-PDF |
| 110 | 1 |aCanada. |bTreasury Board. |
| 245 | 10|aEnvironment Canada, 2002-2003 estimates, part III, report on plans and priorities |h[electronic resource] |
| 260 | |aOttawa - Ontario : |bTreasury Board of Canada Secretariat |cc2002. |
| 300 | |a106p.|btables |
| 490 | 1 |a2002-2003 estimates. Part III, Report on plans and priorities |v2002-2003 |
| 500 | |aThe catalogue number (BT31-2/2003-III-16) and ISBN (0-660-61777-3) for the bilingual print edition have been incorrectly copied in this electronic publication. |
| 590 | |a10-16-Supp|b2010-12-30 |
| 775 | 08|tEnvironnement Canada, budget des dépenses 2002-2003, partie III, rapport sur les plans et les priorités |w(CaOODSP)9.599368 |
| 776 | 0#|tEnvironment Canada |w(CaOODSP)9.535812 |
| 776 | 0#|tEnvironnement Canada |w(CaOODSP)9.535813 |
| 830 | #0|a2002-2003 estimates. Part III, Report on plans and priorities ;|v2002-2003|w(CaOODSP)9.506177 |
| 856 | 40|ahttp://publications.gc.ca|qPDF|s632 KB|uhttps://publications.gc.ca/collections/Collection/BT31-2-2003-III-16E.pdf|y2002-2003 |